Fotoquímica de gases /
Guardado en:
| Autor Principal: | |
|---|---|
| Formato: | Libro |
| Publicado: |
Washington :
O.e.a.,
1972
|
| Materias: | |
| Etiquetas: |
Agregar Etiqueta
Sin Etiquetas, Sea el primero en etiquetar este registro!
|
| LEADER | 00470nam a22001815a 4500 | ||
|---|---|---|---|
| 001 | CEM.cems004981 | ||
| 005 | 20060217000000.0 | ||
| 008 | 130507s1972##################000#0#####d | ||
| 003 | CEMS | ||
| 082 | 0 | 4 | |a 541.35 |
| 100 | 1 | |a Penzhorn, H. | |
| 245 | 1 | 0 | |a Fotoquímica de gases / |
| 260 | |a Washington : |b O.e.a., |c 1972 | ||
| 300 | |a 58 p. | ||
| 653 | |a Fisicoquímica | ||
| 653 | |a Fotoquímica | ||
| 653 | |a Química | ||
| 859 | |a CEMS |b BIB. CEMS - 11 de abril |h 541.35 |i P389 |p 9940.81 |t Ej.1 | ||
